00947nam a2200253 i 45000010005000000030009000050050017000140070003000310080041000340200018000750800013000931000028001062450097001342600043002313000060002744900042003346500034003767000025004107000026004358300050004618520045005119990015005569520122005717903ES-MaACL20230906145333.0t|910521s1989 sp ||||1| spa d a84-03-60068-2 a72.033.51 aGrodecki, Louis.96010910aArquitectura gotica / cLouis Grodericki ; con la colaboracion de Anne Prache, Roland Recht. aMadrid : bAguilar/Asuri, ccop. 1989. a22 p., [24] p. de il. : bprincipalmente il. ; c25 cm.1 aHistoria universal de la arquitectura14aArquitectura gótica.9100271 aPrache, Anne.9935691 aRecht, Roland.9957570 aHistoria universal de la arquitectura9177982 aES-MaACLjL-15118 bR.119470 z. - cart. c7903d7903 00104070aATENEOMbATENEOMcDEPO2d2008-01-17eSCl0oL-15118p1008060r2023-02-23 00:00:00w2023-02-23yMONOGRAFIA